| 000 | 00344nam a2200145Ia 4500 | ||
|---|---|---|---|
| 003 | OSt | ||
| 008 | 191201s2006 xx 000 0 und d | ||
| 082 |
_a126.1 _bWAS |
||
| 100 | _aWATSON, Alex | ||
| 245 | 0 | _aSelf 's Awareness of Itself | |
| 260 |
_aNew Delhi _bCommission Agent _c2006 |
||
| 300 | _a433 | ||
| 650 | _aGeneral Books | ||
| 942 |
_2ddc _cBK |
||
| 999 |
_c739 _d739 |
||